• 首页
  • 本馆介绍
  • 公告通知
  • 最新文献
  • 馆藏检索
  • 电子资源
  • 读者导购
  • 参考咨询
  • 我的图书馆
  • 登录
  • 期刊详细显示
  • 现刊情况显示
  • 合订本情况显示
  • 篇目信息显示

期刊信息

  • 表格格式
  • 工作单格式
  • 卡片格式
索取号 
N5/DLYX
题名 
大理医学院学报
作者 
大理医学院学报院刊编辑室
分册号 
分册名 
出版地 
大理(云南)
出版者 
大理医学院
标准刊号 
出版频率 
半年刊
中图法分类 
R
主题词 
自然科学 丛书; 自然科学 文集; 自然科学 连续出版物
电子资源 
000 01177nas022200349 45
001 1196150212
005 20070723105314.26
021    @aCN@b云南196
100    @a19930602a19859999ekmy0chiy0121 eb
101 0  @achi
102    @aCN@b530000
110    @aajaz 0yu0
200 1  @a大理医学院学报@ADA LI YI XUE YUAN XUE BAO@dActa academiae medicinae dali@zlat@f大理医学院学报院刊编辑室@FDA LI YI XUE YUAN XUE BAO YUAN KAN BIAN JI SHI
207  0 @a[V.3],no.1(1985)~[v.5],no.2(1987)=总3~7@av.6,no.1(1988)~=总8~
210    @a大理(云南)@b云南省大理市下关人民南路41号@c大理医学院@d1985~
215    @d26cm
300    @a内部发行
326    @a半年刊@b1990
326    @a不定期@b1985~89
327 0  @a基础医学@a临床医学@a急救医学@a祖国医学@a个案报道@a辅助医学@a会讯
430  1 @12001 @a大理医学院院刊
510 1  @aAcda academiae medicinae dali@zlat
540 1  @a大理医学院 学报@ADA LI YI XUE YUAN XUE BAO
606 0  @a自然科学@x丛书
606 0  @a自然科学@x文集
606 0  @a自然科学@x连续出版物
676    @a610@v19
690    @aR@v3
690    @aN5@v4
701  0 @a张英才@AZHANG YING CAI@4主编
801  0 @aCN@bPFT@c20070723
905    @a1@cQ@dN5@eDLYX
    
    大理医学院学报=Acta academiae medicinae dali/大理医学院学报院刊编辑室.-[V.3],no.1(1985)~[v.5],no.2(1987)=总3~7;v.6,no.1(1988)~=总8~.-大理(云南)(云南省大理市下关人民南路41号):大理医学院,1985~
    26cm
    内部发行.-继承:
    部分内容:基础医学;临床医学;急救医学;祖国医学;个案报道;辅助医学;会讯
    
    
●
相关链接: 在易读查询期刊 在中国知网中查询期刊 在万方数据查询期刊 在维普查询期刊
唐山师范学院图书馆 欢迎您!
大连网信软件有限公司© 版权所有